Zvyšování efektivnosti ekonomiky a úloha socialistického podniku

Gespeichert in:
Bibliographische Detailangaben
1. Verfasser: Kazimour, Jan
Format: Buch
Sprache:Tschechisch
Veröffentlicht: Praha Státní nakladatelství technické literatury 1986
Tags: Tag hinzufügen
Keine Tags, Fügen Sie das erste Tag hinzu!

MARC

LEADER 00000nam a2200000 4500
001 c030608
005 20260326135529.1
041 0 |a cze 
044 |a CZ 
245 1 0 |a Zvyšování efektivnosti ekonomiky a úloha socialistického podniku  |c Jan Kazimour 
264 1 |a Praha  |b Státní nakladatelství technické literatury  |c 1986 
300 |a 154 s. 
100 1 |a Kazimour, Jan